[Event "Biel (izt)"]
[Site "?"]
[Date "1993.??.??"]
[Round "?"]
[White "Kamsky, G."]
[Black "Hjartarson, J."]
[Result "1-0"]
[WhiteElo "2645"]
[BlackElo "2605"]
[PlyCount "107"]
[EventDate "1993.??.??"]
[Source "ChessBase"]
[SourceDate "1993.06.01"]

1. d4 Nf6 2. c4 g6 3. Nc3 Bg7 4. e4 d6 5. f3 O-O 6. Be3 Nc6 7. Qd2 a6 8. Bd3 e5 9. d5 Nd4 10. Nge2 Nd7 11. O-O c5 12. dxc6 bxc6 13. b4 Bb7 14. Rab1 a5 15. b5 c5 16. f4 exf4 17. Nxf4 Nb6 18. Ncd5 a4 19. Kh1 a3 20. Nxb6 Qxb6 21. Nd5 Bxd5 22. exd5 f5 23. Rbe1 Rfe8 24. Bg5 Be5 25. Qf2 Qa5 26. Bd2 Qd8 27. g3 Ra7 28. Bh6 Qa5 29. Re3 Qd8 30. Qd2 Ra4 31. Rb1 Qb6 32. Bf4 Qb8 33. Kg2 Kf7 34. Bg5 Qb6 35. Ree1 Raa8 36. h3 Kg8 37. Rf1 Qb7 38. Rf2 Ra4 39. Bh6 Raa8 40. Rbf1 Bg7 41. Bf4 Be5 42. Bg5 Ra4 43. g4 Rb4 44. gxf5 gxf5 45. Kh1 Kh8 46. Rg1 Qf7 47. Qe3 Rg8 48. Rfg2 Rg6 49. Bf4 Qg7 50. Bxe5 dxe5 51. d6 Rb2 52. d7 Ne6 53. Rxg6 hxg6 54. Bxf5 1-0

[Event "Moscow"]
[Site "?"]
[Date "1981.??.??"]
[Round "?"]
[White "Beliavsky, Alexander G"]
[Black "Kasparov, Gary"]
[Result "0-1"]
[WhiteElo "2620"]
[BlackElo "2625"]
[PlyCount "22"]
[EventDate "1981.??.??"]
[Source "www.chesslib.no"]
[SourceDate "2004.05.04"]

1. d4 Nf6 2. c4 g6 3. Nc3 Bg7 4. e4 d6 5. f3 O-O 6. Be3 Nc6 7. Qd2 a6 8. Nge2 Re8 9. Nc1 e5 10. d5 Nd4 11. N1e2 c5 0-1

[Event "Riga"]
[Site "?"]
[Date "1975.??.??"]
[Round "?"]
[White "Polugaevsky Lev"]
[Black "Gufeld Eduard"]
[Result "1-0"]
[WhiteElo "2645"]
[BlackElo "2535"]
[PlyCount "67"]
[EventDate "1975.??.??"]
[Source "www.chesslib.no"]
[SourceDate "2004.05.04"]

1. d4 g6 2. e4 Bg7 3. c4 d6 4. Nc3 Nf6 5. f3 O-O 6. Be3 Nc6 7. Nge2 Rb8 8. Qd2 Re8 9. Rb1 a6 10. b4 b5 11. cxb5 axb5 12. d5 Ne5 13. Nd4 Bd7 14. Ncxb5 e6 15. dxe6 fxe6 16. Be2 Nxf3+ 17. gxf3 e5 18. O-O exd4 19. Nxd4 d5 20. exd5 Nxd5 21. Bc4 Re5 22. f4 Rh5 23. f5 c6 24. b5 Bxd4 25. Qxd4 Bxf5 26. bxc6 Bxb1 27. c7 Qxc7 28. Bxd5+ Rxd5 29. Qxd5+ Kg7 30. Bd4+ Kh6 31. Qe6 Bf5 32. Qf6 Kh5 33. Be3 Qd8 34. Rxf5+ 1-0

[Event "Deutschland 86/516"]
[Site "?"]
[Date "2002.??.??"]
[Round "?"]
[White "Piket, Je"]
[Black "Golubev, M."]
[Result "0-1"]
[WhiteElo "2646"]
[BlackElo "2528"]
[PlyCount "80"]
[EventDate "2002.??.??"]
[Source "Chess Informant"]
[SourceDate "2002.10.01"]

1. d4 Nf6 2. c4 g6 3. Nc3 Bg7 4. e4 d6 5. f3 O-O 6. Be3 a6 7. Qd2 Nc6 8. Nge2 Re8 9. Rc1 Bd7 10. b3 e6 11. h3 Rb8 12. d5 exd5 13. cxd5 Ne7 14. Bf4 Rc8 15. g4 c6 16. dxc6 Bxc6 17. Qxd6 Qa5 18. b4 Qa3 19. b5 Qa5 20. bxc6 Nxc6 21. Qd2 Nb4 22. Bd6 Rcd8 23. a3 Qxa3 24. e5 Nxg4 25. hxg4 Bxe5 26. Kf2 Rxd6 27. Qh6 Nd3+ 28. Kg2 Nxc1 29. Ne4 Nxe2 30. Bxe2 Qa2 31. Qxh7+ Kf8 32. Re1 Rd1 33. Rxd1 Qxe2+ 34. Nf2 Bg7 35. Rd7 Qb5 36. Rc7 Qb6 37. Rc2 Qb1 38. Rc7 Qb2 39. Qh4 Kg8 40. g5 Bd4 0-1

[Event "Alushta4"]
[Site "Alushta"]
[Date "1994.??.??"]
[Round "1"]
[White "Vyzmanavin, Alexey"]
[Black "Golubev, Mihail"]
[Result "1/2-1/2"]
[WhiteElo "2610"]
[BlackElo "2560"]
[PlyCount "69"]
[EventDate "1994.05.??"]
[Source "ChessBase"]

1. d4 Nf6 2. c4 g6 3. Nc3 Bg7 4. e4 d6 5. f3 O-O 6. Be3 Nc6 7. Qd2 a6 8. Nge2 Re8 9. Nc1 e5 10. d5 Nd4 11. Nb3 c5 12. dxc6 bxc6 13. Nxd4 exd4 14. Bxd4 d5 15. cxd5 cxd5 16. e5 Nd7 17. Be2 Nxe5 18. O-O Nc4 19. Bxc4 dxc4 20. Rad1 Bxd4+ 21. Qxd4 Qxd4+ 22. Rxd4 Bf5 23. Rfd1 Rab8 24. R1d2 Bd3 25. Kf2 Re6 26. b3 Rc6 27. Nd5 Kg7 28. g4 cxb3 29. axb3 Bb1 30. b4 g5 31. f4 gxf4 32. Nxf4 Rcb6 33. Nd5 Rb5 34. h4 a5 35. bxa5 1/2-1/2

[Event "Montpellier tt"]
[Site "?"]
[Date "1994.??.??"]
[Round "?"]
[White "Ljubojevic, Ljubomir"]
[Black "Murey, Jacob I"]
[Result "1/2-1/2"]
[WhiteElo "2600"]
[BlackElo "2525"]
[PlyCount "134"]
[EventDate "1994.??.??"]
[Source "www.chesslib.no"]
[SourceDate "2004.05.04"]

1. d4 Nf6 2. c4 g6 3. Nc3 Bg7 4. e4 d6 5. f3 O-O 6. Be3 Nc6 7. Nge2 a5 8. Rc1 Nd7 9. d5 Nce5 10. Ng3 Nb6 11. b3 a4 12. Be2 axb3 13. axb3 Ra3 14. Nb5 Ra2 15. O-O c6 16. Nd4 cxd5 17. exd5 e6 18. dxe6 fxe6 19. Ne4 Nf7 20. Nb5 d5 21. Nec3 Ra6 22. c5 Nd7 23. f4 Nf6 24. Bd4 Bd7 25. Ra1 Qb8 26. Na4 Bxb5 27. Bxb5 Ra5 28. Nc3 Rxa1 29. Qxa1 e5 30. fxe5 Nxe5 31. Qe1 Nfg4 32. Rxf8+ Kxf8 33. Qg3 Kg8 34. Ne2 h5 35. h3 Nf3+ 36. Qxf3 Qh2+ 37. Kf1 Qh1+ 38. Bg1 Nh2+ 39. Kf2 Nxf3 40. Kxf3 g5 41. Bd7 g4+ 42. hxg4 Qh4 43. Be6+ Kh8 44. Be3 Qf6+ 45. Nf4 d4 46. Bd2 Bh6 47. Bd5 Bxf4 48. Bxf4 d3 49. Ke4 hxg4 50. Bd2 Qf1 51. Kd4 Qe2 52. Kc3 Kg7 53. Bxb7 Kf6 54. Bc6 Ke6 55. b4 Ke5 56. b5 Qf1 57. b6 Qf2 58. b7 Qxc5+ 59. Kxd3 Qb6 60. g3 Qb3+ 61. Ke2 Kd4 62. Bf4 Qc2+ 63. Kf1 Qb1+ 64. Kg2 Qc2+ 65. Kh1 Qb1+ 66. Kh2 Qc2+ 67. Bg2 Qh7+ 1/2-1/2

[Event "JUG Team Ch"]
[Site "Cetinje"]
[Date "1992.??.??"]
[Round "?"]
[White "Beliavsky, Alexander G"]
[Black "Ivanovic, Bozidar"]
[Result "1/2-1/2"]
[WhiteElo "2620"]
[BlackElo "2470"]
[PlyCount "124"]
[EventDate "1992.??.??"]
[Source "www.chesslib.no"]
[SourceDate "2004.05.04"]

1. d4 Nf6 2. c4 g6 3. Nc3 Bg7 4. e4 O-O 5. Be3 d6 6. f3 Nc6 7. Qd2 a6 8. O-O-O e5 9. d5 Nd4 10. Nge2 Nxe2+ 11. Bxe2 Nh5 12. g3 Re8 13. Kb1 Bd7 14. Rc1 Qb8 15. c5 dxc5 16. Bxc5 b6 17. Be3 b5 18. Nd1 f5 19. Nf2 Bf8 20. exf5 gxf5 21. f4 Nf6 22. fxe5 Rxe5 23. Bd4 Qe8 24. Bxe5 Qxe5 25. Rhe1 Ne4 26. Nxe4 fxe4 27. Qf4 Qxf4 28. gxf4 Bd6 29. Rg1+ Kf7 30. Bg4 Bxg4 31. Rxg4 Kf6 32. Rf1 e3 33. Kc2 Kf5 34. Rh4 Rg8 35. Kd3 Rg2 36. Rh5+ Kf6 37. Re1 Rxb2 38. Rxe3 Bxf4 39. Re6+ Kg7 40. Re2 Rxe2 41. Kxe2 Kg6 42. Rh4 Bd6 43. h3 h5 44. Kd3 a5 45. Re4 Kg5 46. a4 bxa4 47. h4+ Kf5 48. Rxa4 Bb4 49. Ra1 Ke5 50. Kc4 Be7 51. Rxa5 Bxh4 52. Ra7 Bd8 53. Ra8 Bf6 54. Ra7 Bd8 55. Ra8 Bf6 56. Rf8 h4 57. Rf7 Kf5 58. Rxc7 h3 59. Rh7 Kg4 60. d6 Kg3 61. Rh6 Bd8 62. Rg6+ Kf2 1/2-1/2

[Event "A.E. Axelsson Memorial 8493"]
[Site "A.E. Axelsson Memorial 8493"]
[Date "1984.??.??"]
[Round "?"]
[White "Oim, Tonu O"]
[Black "Richardson, Keith B"]
[Result "1-0"]
[WhiteElo "2565"]
[BlackElo "2470"]
[PlyCount "91"]
[EventDate "1984.??.??"]
[Source "www.chesslib.no"]
[SourceDate "2004.05.04"]

1. e4 g6 2. d4 Bg7 3. c4 d6 4. Nc3 Nf6 5. f3 O-O 6. Be3 Nc6 7. Nge2 Rb8 8. Qd2 Re8 9. Rb1 a5 10. g3 e5 11. d5 Ne7 12. c5 dxc5 13. Bxc5 Bd7 14. Bg2 c6 15. dxc6 Nxc6 16. Rd1 Bf8 17. Bxf8 Rxf8 18. Qe3 Qe7 19. O-O Rfd8 20. Nd5 Nxd5 21. exd5 Nb4 22. Nc3 f5 23. a3 Nc2 24. Qf2 Nd4 25. Rfe1 Nb5 26. Nxb5 Bxb5 27. Qb6 Bc4 28. d6 Qe6 29. Qc5 b6 30. Qxe5 Qxe5 31. Rxe5 Rd7 32. Rd4 Rc8 33. f4 Ba6 34. Bd5+ Kf8 35. Bb3 Rcd8 36. Re6 Re8 37. h3 Rxe6 38. Bxe6 Rd8 39. g4 fxg4 40. hxg4 Bb5 41. f5 Bd7 42. Kf2 Kg7 43. Ke3 Kf6 44. Bxd7 Rxd7 45. Ke4 h5 46. fxg6 1-0

[Event "Benasque"]
[Site "?"]
[Date "1992.??.??"]
[Round "?"]
[White "Vyzmanavin, A."]
[Black "Murey, Y."]
[Result "1-0"]
[WhiteElo "2580"]
[BlackElo "2445"]
[PlyCount "65"]
[EventDate "1992.??.??"]
[Source "ChessBase"]
[SourceDate "1992.06.01"]

1. d4 Nf6 2. c4 g6 3. Nc3 Bg7 4. e4 d6 5. f3 O-O 6. Be3 Nc6 7. Qd2 a5 8. Nge2 Nd7 9. d5 Nce5 10. Nd4 Nc5 11. Be2 e6 12. O-O f5 13. f4 Ng4 14. Bxg4 fxg4 15. dxe6 Nxe6 16. Ndb5 Bd7 17. f5 gxf5 18. exf5 Bxb5 19. cxb5 Nc5 20. Bg5 Bd4+ 21. Kh1 Bf6 22. Bxf6 Qxf6 23. Nd5 Qf7 24. Rae1 Rae8 25. Qd4 Rxe1 26. Rxe1 Qg7 27. f6 Qg5 28. h3 h5 29. Re7 Rf7 30. Qc4 Qf5 31. Rxc7 Kf8 32. Rxc5 dxc5 33. Qxc5+ 1-0

[Event "URS-ch sf"]
[Site "Tbilisi"]
[Date "1973.??.??"]
[Round "6"]
[White "Razuvaev, Yuri S"]
[Black "Gufeld, Eduard"]
[Result "1/2-1/2"]
[WhiteElo "2510"]
[BlackElo "2500"]
[PlyCount "52"]
[EventDate "1973.??.??"]
[Source "ChessBase"]

1. d4 Nf6 2. c4 g6 3. Nc3 Bg7 4. e4 d6 5. f3 Nc6 6. Be3 a6 7. Qd2 Rb8 8. O-O-O O-O 9. Bh6 Bxh6 10. Qxh6 e5 11. Nge2 b5 12. h4 Kh8 13. Nd5 Ng8 14. Qd2 bxc4 15. dxe5 Nxe5 16. Nec3 Nf6 17. h5 Nxd5 18. hxg6 fxg6 19. Nxd5 Be6 20. Bxc4 Rf7 21. Bb3 c6 22. f4 cxd5 23. fxe5 dxe5 24. Bxd5 Bxd5 25. Qxd5 Qg5+ 26. Qd2 Qg4 1/2-1/2

[Event "Moscow Aeroflot op"]
[Site "Moscow"]
[Date "2002.02.05"]
[Round "2"]
[White "Moiseenko, Alexander"]
[Black "Zaitsev, Igor A"]
[Result "1-0"]
[WhiteElo "2559"]
[BlackElo "2444"]
[PlyCount "28"]
[EventDate "2002.02.04"]
[Source "ChessBase"]
[SourceDate "2002.03.21"]

1. d4 Nf6 2. c4 d6 3. Nc3 g6 4. e4 Bg7 5. f3 O-O 6. Be3 Nc6 7. Nge2 Bd7 8. Qd2 e5 9. d5 Nb4 10. g4 a5 11. Ng3 Qe7 12. O-O-O Ne8 13. h4 Bf6 14. Qh2 Kh8 1-0

[Event "Berliner Sommer"]
[Site "Berlin GER"]
[Date "1993.??.??"]
[Round "4"]
[White "Arbakov, Valentin"]
[Black "Frolov, Artur"]
[Result "1-0"]
[WhiteElo "2460"]
[BlackElo "2535"]
[PlyCount "113"]
[EventDate "1993.08.??"]
[Source "www.chesslib.no"]
[SourceDate "2004.05.04"]

1. d4 Nf6 2. c4 g6 3. Nc3 Bg7 4. e4 d6 5. f3 a6 6. Be3 O-O 7. Qd2 Nc6 8. Nge2 Re8 9. h4 h5 10. Bg5 Bd7 11. Rd1 b5 12. Nc1 b4 13. N3e2 Nh7 14. Be3 f5 15. exf5 Bxf5 16. d5 Ne5 17. Nd4 e6 18. Kf2 Qf6 19. Kg1 exd5 20. Nxf5 Qxf5 21. cxd5 Re7 22. Nb3 Qf7 23. Bf2 Nf6 24. Qxb4 Rf8 25. Qf4 Kh7 26. Rh3 Bh6 27. Qd4 Neg4 28. fxg4 hxg4 29. Rhd3 Ne4 30. Be3 Bg7 31. Qc4 Nf2 32. Bg5 Nxd1 33. Rxd1 Qf2+ 34. Kh1 Be5 35. Qd3 Ref7 36. Nd2 Rf3 37. Nxf3 Rxf3 38. Qe2 Qg3 39. gxf3 gxf3 40. Qc2 f2 41. Qxc7+ Kg8 42. Qd8+ Kh7 43. Qe7+ Kg8 44. Qe8+ Kg7 45. Qe7+ Kg8 46. Qe6+ Kg7 47. Bf6+ Bxf6 48. Qd7+ Kg8 49. Bg2 Qxh4+ 50. Qh3 Qg5 51. Rf1 Bd4 52. Qe6+ Kg7 53. Qxd6 Be5 54. Qd7+ Kg8 55. Rxf2 Qh4+ 56. Qh3 Qxf2 57. Qe6+ 1-0

[Event "Groningen op"]
[Site "Groningen"]
[Date "1993.??.??"]
[Round "7"]
[White "Arbakov, Valentin"]
[Black "Frolov, Artur"]
[Result "0-1"]
[WhiteElo "2460"]
[BlackElo "2535"]
[PlyCount "78"]
[EventDate "1993.12.??"]
[Source "ChessBase"]

1. c4 Nf6 2. Nc3 g6 3. e4 d6 4. d4 Bg7 5. f3 a6 6. Be3 O-O 7. Qd2 Nc6 8. Nge2 Re8 9. Rd1 Bd7 10. a3 Qb8 11. Nc1 e5 12. d5 Nd4 13. N1e2 Nb3 14. Qc2 Na5 15. Nc1 b5 16. c5 dxc5 17. Bxc5 c6 18. dxc6 Nxc6 19. Nb3 Be6 20. Nc1 Qc7 21. Qf2 Nd4 22. Bxd4 exd4 23. Rxd4 Nh5 24. Rd3 Nf4 25. Rd1 Rad8 26. Qe3 Rxd1+ 27. Kxd1 Rd8+ 28. Kc2 Bd4 29. Qe1 Qb6 30. Qh4 Qd6 31. Qe1 Bxc3 32. bxc3 Qxa3 33. Be2 b4 34. c4 b3+ 35. Kb1 Rd4 36. Bf1 b2 37. Na2 Rxc4 38. Bxc4 Bxc4 39. Nb4 Nd3 0-1

[Event "Polanica Zdroj"]
[Site "?"]
[Date "1987.??.??"]
[Round "?"]
[White "Dolmatov, S."]
[Black "Thorsteins, K."]
[Result "1-0"]
[WhiteElo "2540"]
[BlackElo "2445"]
[PlyCount "67"]
[EventDate "1987.??.??"]
[Source "ChessBase"]
[SourceDate "1987.07.01"]

1. d4 Nf6 2. c4 g6 3. Nc3 Bg7 4. e4 d6 5. f3 O-O 6. Be3 Nc6 7. Qd2 a6 8. O-O-O b5 9. h4 h5 10. Bh6 e5 11. Nge2 bxc4 12. g4 Bxh6 13. Qxh6 Bxg4 14. Rg1 Bxf3 15. Nf4 Ng4 16. Rxg4 Bxg4 17. Nxg6 Qf6 18. Nd5 Qxg6 19. Nf6+ Qxf6 20. Qxf6 Bxd1 21. Kxd1 Nxd4 22. Qg5+ Kh7 23. Qxh5+ Kg7 24. Qg5+ Kh7 25. Bxc4 Ne6 26. Qf6 c6 27. Ke1 a5 28. h5 Rad8 29. h6 Rg8 30. Qxf7+ Kxh6 31. Bxe6 Rgf8 32. Qe7 Kh5 33. Bf7+ Kg4 34. Kf2 1-0

[Event "Manila zt 3.2a"]
[Site "Manila"]
[Date "2001.04.27"]
[Round "5"]
[White "Nguyen Anh Dung"]
[Black "Donguines, Fernie"]
[Result "1-0"]
[WhiteElo "2557"]
[BlackElo "2425"]
[PlyCount "55"]
[EventDate "2001.04.24"]
[Source "ChessBase"]
[SourceDate "2001.07.05"]

1. d4 Nf6 2. c4 g6 3. Nc3 Bg7 4. e4 d6 5. f3 O-O 6. Be3 a6 7. Qd2 Nc6 8. Nge2 Re8 9. g4 Rb8 10. O-O-O b5 11. h4 Na5 12. Ng3 Nxc4 13. Bxc4 bxc4 14. h5 c5 15. dxc5 Qa5 16. hxg6 fxg6 17. cxd6 Be6 18. Bd4 Rb7 19. g5 Reb8 20. gxf6 exf6 21. Nge2 h5 22. Nd5 Qxa2 23. Nec3 Qa1+ 24. Nb1 Rb3 25. Bc3 Kh7 26. Nxf6+ Kh8 27. Rh2 Rc8 28. Qc2 1-0

[Event "Netanya GM"]
[Site "?"]
[Date "1977.06.03"]
[Round "10"]
[White "Gheorghiu Florin"]
[Black "Murey Jacob"]
[Result "1-0"]
[WhiteElo "2545"]
[BlackElo "2435"]
[PlyCount "99"]
[EventDate "1977.??.??"]
[Source "www.chesslib.no"]
[SourceDate "2004.05.04"]

1. d4 Nf6 2. c4 g6 3. Nc3 Bg7 4. e4 d6 5. f3 O-O 6. Be3 Nc6 7. Nge2 a5 8. Qd2 Nd7 9. d5 Nce5 10. Nd4 Nb6 11. b3 c5 12. dxc6 bxc6 13. Be2 Bb7 14. O-O Ned7 15. Rfd1 Qb8 16. Rac1 Rd8 17. Bf1 Nc5 18. Qf2 Nbd7 19. Rd2 Ra6 20. Rcd1 Ba8 21. Kh1 Qb7 22. Qg3 Rb8 23. Qh4 Bf6 24. Bg5 a4 25. Bxf6 Nxf6 26. b4 Qxb4 27. Rb1 Qxb1 28. Nxb1 Rxb1 29. Kg1 Rab6 30. e5 dxe5 31. Nf5 Ne6 32. Nxe7+ Kg7 33. Qg3 Nd4 34. Qxe5 c5 35. Qxc5 Ne6 36. Qe5 Rc1 37. Kf2 a3 38. Nc8 Rbb1 39. Be2 Bc6 40. Nd6 h6 41. Bd3 Ra1 42. h4 h5 43. Re2 Rf1+ 44. Kg3 Rad1 45. Bc2 Rd4 46. Be4 Ba4 47. Bd5 Nf4 48. Re4 Rxd5 49. cxd5 Nd3 50. Qc3 1-0

[Event "Bonn Staudte Memorial"]
[Site "Bonn"]
[Date "1979.08.??"]
[Round "2"]
[White "Hort, Vlastimil"]
[Black "Behling, Robert"]
[Result "1-0"]
[WhiteElo "2600"]
[BlackElo "2375"]
[PlyCount "83"]
[EventDate "1979.??.??"]
[Source "www.chesslib.no"]
[SourceDate "2004.05.04"]

1. c4 Nf6 2. Nc3 g6 3. e4 d6 4. d4 Bg7 5. f3 O-O 6. Be3 Nc6 7. Nge2 Rb8 8. d5 Ne5 9. Ng3 c5 10. h3 a6 11. a4 Qc7 12. f4 Ned7 13. Bd3 e6 14. O-O exd5 15. exd5 Re8 16. Bd2 Nf8 17. f5 N6d7 18. Qc2 Qd8 19. Nce4 Be5 20. Bf4 Qe7 21. f6 Nxf6 22. Bxe5 Nxe4 23. Nxe4 dxe5 24. d6 Qd8 25. Nf6+ Kg7 26. Nxe8+ Qxe8 27. Qf2 Nd7 28. Qg3 f6 29. h4 h5 30. Be2 Kh7 31. Rad1 a5 32. Bf3 Nf8 33. Qf2 b6 34. Be4 f5 35. Bd5 Be6 36. Qg3 e4 37. d7 Bxd7 38. Bf7 Qc8 39. Rd6 Be8 40. Rxg6 Bxf7 41. Rg7+ Kh8 42. Rxf7 1-0

[Event "Ehrat mem (SUI vs GER match)"]
[Site "Zuerich"]
[Date "1999.08.17"]
[Round "5"]
[White "Pelletier, Yannick"]
[Black "Vogt, Lothar"]
[Result "1/2-1/2"]
[WhiteElo "2479"]
[BlackElo "2485"]
[PlyCount "49"]
[EventDate "1999.08.13"]
[Source "ChessBase"]
[SourceDate "1999.12.01"]

1. d4 Nf6 2. c4 g6 3. Nc3 Bg7 4. e4 d6 5. f3 O-O 6. Nge2 Nc6 7. Be3 Rb8 8. h4 h5 9. Qd2 a6 10. O-O-O e5 11. d5 Na5 12. Ng3 b6 13. Bh6 Bd7 14. Be2 Bxh6 15. Qxh6 b5 16. Nf1 Nh7 17. g4 hxg4 18. fxg4 Nxc4 19. g5 Kh8 20. Bxc4 bxc4 21. Ne3 Rg8 22. Rdg1 Qf8 23. Qxf8 Rbxf8 24. h5 f6 25. hxg6 1/2-1/2

[Event "ISL Ch"]
[Site "Grundarfjordur"]
[Date "1986.??.??"]
[Round "4"]
[White "Thorsteins, Karl"]
[Black "Hjartarson, Johann"]
[Result "1-0"]
[WhiteElo "2445"]
[BlackElo "2505"]
[PlyCount "51"]
[EventDate "1986.??.??"]
[Source "www.chesslib.no"]
[SourceDate "2004.05.04"]

1. d4 Nf6 2. c4 g6 3. Nc3 Bg7 4. e4 d6 5. f3 O-O 6. Be3 Nc6 7. Qd2 a6 8. O-O-O Rb8 9. Bh6 e5 10. d5 Nd4 11. Nge2 Nxe2+ 12. Bxe2 Bxh6 13. Qxh6 Qe7 14. g4 c5 15. h4 Ne8 16. g5 b5 17. h5 bxc4 18. Rdf1 Rb7 19. Bxc4 Rd7 20. Ne2 Nc7 21. f4 exf4 22. Nxf4 Qxe4 23. Bd3 Qe3+ 24. Kc2 Re7 25. hxg6 fxg6 26. Qxf8+ 1-0

[Event "Bucharest"]
[Site "Bucharest"]
[Date "1993.??.??"]
[Round "?"]
[White "Rogozenko, Dorian"]
[Black "Zaitsev, Igor A"]
[Result "0-1"]
[WhiteElo "2480"]
[BlackElo "2450"]
[PlyCount "72"]
[EventDate "1993.02.??"]
[Source "ChessBase"]

1. d4 Nf6 2. c4 g6 3. Nc3 Bg7 4. e4 d6 5. f3 O-O 6. Be3 Nc6 7. Nge2 a5 8. Qd2 b6 9. g4 Ba6 10. b3 e6 11. h4 h5 12. Bg5 hxg4 13. h5 Qd7 14. O-O-O gxf3 15. Nf4 Nh7 16. Bh6 g5 17. Bxg7 Kxg7 18. Rg1 Kh8 19. d5 gxf4 20. dxc6 Qxc6 21. Qxf4 Qc5 22. Rg3 f5 23. Qxf3 Bb7 24. Qd3 f4 25. Rg6 Rae8 26. Bh3 Rf6 27. Rf1 Qe5 28. Bg2 Rxg6 29. hxg6 Ng5 30. Nb5 Qa1+ 31. Qb1 Qxb1+ 32. Kxb1 f3 33. Bh1 Bxe4+ 34. Kb2 Re7 35. Nc3 Bc6 36. Rg1 Kg7 0-1

[Event "Bucharest"]
[Site "Bucharest"]
[Date "1993.??.??"]
[Round "?"]
[White "Ionescu, Constantin"]
[Black "Zaitsev, Igor A"]
[Result "1/2-1/2"]
[WhiteElo "2475"]
[BlackElo "2450"]
[PlyCount "49"]
[EventDate "1993.02.??"]
[Source "ChessBase"]

1. d4 Nf6 2. c4 g6 3. Nc3 Bg7 4. e4 d6 5. f3 O-O 6. Be3 Nc6 7. Nge2 Bd7 8. Qd2 e5 9. d5 Na5 10. Nc1 b6 11. b4 Nb7 12. Rb1 a5 13. a3 Nh5 14. Nd3 Nf4 15. g3 Nxd3+ 16. Bxd3 f5 17. exf5 gxf5 18. f4 axb4 19. axb4 Ra3 20. Ne2 exf4 21. Bxf4 c5 22. O-O cxb4 23. Rxb4 Nc5 24. Bc2 Ne4 25. Qc1 1/2-1/2

[Event "Smederevska Palanka"]
[Site "Smederevska Palanka"]
[Date "1980.??.??"]
[Round "?"]
[White "Ree, Hans"]
[Black "Nikolic, Stanimir"]
[Result "1-0"]
[WhiteElo "2520"]
[BlackElo "2400"]
[PlyCount "63"]
[EventDate "1980.??.??"]
[Source "www.chesslib.no"]
[SourceDate "2004.05.04"]

1. d4 g6 2. c4 Bg7 3. Nc3 d6 4. e4 Nc6 5. Be3 Nf6 6. f3 a6 7. Qd2 O-O 8. Nge2 e5 9. d5 Ne7 10. g4 c5 11. Ng3 Ne8 12. h4 Bd7 13. h5 Qa5 14. Qh2 f6 15. hxg6 hxg6 16. Be2 b5 17. O-O-O b4 18. Nb1 Kf7 19. f4 exf4 20. Bxf4 Qxa2 21. Nf5 Rh8 22. Qg2 gxf5 23. gxf5 Nxf5 24. Rxh8 Bxh8 25. Qh3 Neg7 26. Rg1 Re8 27. Bxd6 Bc8 28. Qh5+ Kg8 29. Qxe8+ Kh7 30. Rh1+ Nh6 31. Rxh6+ Kxh6 32. Qxh8+ 1-0

[Event "Minsk"]
[Site "Minsk"]
[Date "1993.??.??"]
[Round "?"]
[White "Dragomarezkij, Evgeni"]
[Black "Zaitsev, Igor A"]
[Result "1/2-1/2"]
[WhiteElo "2465"]
[BlackElo "2450"]
[PlyCount "91"]
[EventDate "1993.03.??"]
[Source "ChessBase"]

1. d4 Nf6 2. c4 g6 3. Nc3 Bg7 4. e4 d6 5. f3 O-O 6. Be3 Nc6 7. Qd2 Bd7 8. Nge2 e5 9. d5 Na5 10. Ng3 b6 11. Bd3 Nb7 12. O-O a5 13. b3 Ne8 14. Bc2 Qe7 15. Rae1 Nd8 16. Kh1 Kh8 17. a3 Nf6 18. Nb5 Ne8 19. Bd3 Nb7 20. Nc3 Nc5 21. Bc2 Nf6 22. b4 Nb7 23. Ra1 Ne8 24. Ba4 Bxa4 25. Nxa4 f5 26. Bf2 f4 27. Ne2 g5 28. c5 axb4 29. axb4 bxc5 30. bxc5 dxc5 31. Qc2 Ra5 32. Rfb1 Ned6 33. Nxc5 Rxa1 34. Rxa1 Nxc5 35. Bxc5 g4 36. fxg4 Qh4 37. Ng1 Qxg4 38. Nf3 Rg8 39. Re1 Bf6 40. Ba3 Qg7 41. Re2 Qd7 42. Qc1 Qb5 43. Qc2 Nc4 44. Bc1 c6 45. dxc6 Qxc6 46. Re1 1/2-1/2

[Event "OHRA-B"]
[Site "Amsterdam NED"]
[Date "1986.??.??"]
[Round "6"]
[White "Ree, Hans"]
[Black "Murey, Jacob I"]
[Result "1/2-1/2"]
[WhiteElo "2455"]
[BlackElo "2460"]
[PlyCount "66"]
[EventDate "1986.07.??"]
[Source "www.chesslib.no"]
[SourceDate "2004.05.04"]

1. d4 Nf6 2. c4 g6 3. Nc3 Bg7 4. e4 d6 5. f3 O-O 6. Be3 Nc6 7. Nge2 a5 8. d5 Ne5 9. Nc1 e6 10. Be2 Ne8 11. O-O f5 12. f4 Nf7 13. exf5 exf5 14. Bf3 Nf6 15. Nb3 Re8 16. Qd2 Nh6 17. Rae1 a4 18. Nd4 Nhg4 19. Kh1 Nxe3 20. Rxe3 Rxe3 21. Qxe3 Qe8 22. Qd2 Qf7 23. Re1 Bd7 24. Ncb5 Bxb5 25. cxb5 Nd7 26. Ne6 Re8 27. Rc1 Nc5 28. Nxc5 dxc5 29. d6 Bd4 30. Rxc5 Bxc5 31. Bd5 Re1+ 32. Qxe1 Qxd5 33. Qe8+ Kg7 1/2-1/2

[Event "Caorle zt"]
[Site "Caorle ITA"]
[Date "1972.??.??"]
[Round "10"]
[White "Ree, Hans"]
[Black "Keene, Raymond D"]
[Result "1/2-1/2"]
[WhiteElo "2480"]
[BlackElo "2435"]
[PlyCount "75"]
[EventDate "1972.??.??"]
[Source "www.chesslib.no"]
[SourceDate "2004.05.04"]

1. d4 g6 2. c4 Bg7 3. Nc3 d6 4. e4 Nf6 5. f3 O-O 6. Be3 Nc6 7. Nge2 Rb8 8. Nc1 e5 9. Nb3 exd4 10. Nxd4 Nh5 11. Be2 Nf4 12. Bxf4 Nxd4 13. O-O a6 14. Be3 c5 15. Qd2 Be6 16. Bd3 b5 17. b3 bxc4 18. Bxc4 Bxc4 19. bxc4 Qa5 20. Rac1 Qa3 21. Rfd1 Rb2 22. Qd3 Rfb8 23. Kh1 Ne2 24. Nxe2 Qxd3 25. Rxd3 Rxe2 26. Bf4 Bf8 27. Ra3 Rb6 28. h4 Kg7 29. Rb3 Rxb3 30. axb3 Rb2 31. Ra1 Rxb3 32. Rxa6 Rb4 33. Bxd6 Bxd6 34. Rxd6 Rxc4 35. h5 Kf8 36. h6 Ra4 37. Rd7 Ra6 38. Rc7 1/2-1/2

[Event "Montilla"]
[Site "Montilla"]
[Date "1977.??.??"]
[Round "9"]
[White "Gligoric, Svetozar"]
[Black "Martin Gonzalez, Angel"]
[Result "1-0"]
[WhiteElo "2565"]
[BlackElo "2340"]
[PlyCount "71"]
[EventDate "1977.08.??"]
[Source "ChessBase"]

1. d4 Nf6 2. c4 g6 3. Nc3 Bg7 4. e4 d6 5. f3 Nc6 6. Be3 a6 7. Qd2 Rb8 8. O-O-O O-O 9. h4 Re8 10. Bh6 Bh8 11. Nge2 e5 12. dxe5 Nxe5 13. Nf4 Bd7 14. Bg5 b5 15. Nfd5 Bc6 16. Nxf6+ Bxf6 17. Qf4 Bxg5 18. hxg5 bxc4 19. Bxc4 Rxb2 20. Kxb2 Nxc4+ 21. Ka1 Qe7 22. Rc1 Rb8 23. Qf6 Qxf6 24. gxf6 Ne5 25. Nd1 Rb6 26. Ne3 h5 27. Rc3 Nd7 28. Rhc1 Nc5 29. e5 Ba4 30. Nd5 Rb7 31. Rb1 Rxb1+ 32. Kxb1 Nd7 33. exd6 cxd6 34. Rc8+ Kh7 35. Nc3 Nb6 36. Rf8 1-0

[Event "Netanya"]
[Site "Netanya ISR"]
[Date "1971.??.??"]
[Round "6"]
[White "Bleiman, Yaacov"]
[Black "Westerinen, Heikki M J"]
[Result "1/2-1/2"]
[WhiteElo "2450"]
[BlackElo "2450"]
[PlyCount "114"]
[EventDate "1971.06.??"]
[Source "www.chesslib.no"]
[SourceDate "2004.05.04"]

1. d4 Nf6 2. c4 g6 3. Nc3 Bg7 4. e4 d6 5. f3 O-O 6. Be3 Nc6 7. Nge2 Re8 8. Qd2 Rb8 9. a3 Nd7 10. h4 Na5 11. Nc1 c5 12. d5 Ne5 13. b3 a6 14. Rb1 e6 15. h5 b5 16. cxb5 axb5 17. hxg6 fxg6 18. Bxb5 Nxf3+ 19. gxf3 Bxc3 20. Qxc3 Rxb5 21. a4 Rb7 22. Bd2 Ra7 23. dxe6 Bxe6 24. Ne2 Nc6 25. Kf2 Rf7 26. Nf4 Nd4 27. Rbg1 Ref8 28. Nxe6 Rxf3+ 29. Ke1 Qe7 30. Qc4 Qxe6 31. Qxe6+ Nxe6 32. Rf1 Rxb3 33. Rxf8+ Nxf8 34. Kf2 Ra3 35. a5 Ne6 36. Rb1 Ra2 37. Ke3 Ra3+ 38. Kf2 c4 39. Rc1 Ra4 40. Ke3 Nc5 41. Bc3 Ra3 42. Rc2 Na4 43. Kd4 Nxc3 44. Rxc3 Rxa5 45. Rxc4 h5 46. Rc6 h4 47. Rxd6 Rg5 48. Rf6 h3 49. Rf1 Rg2 50. e5 Re2 51. Rh1 h2 52. Kd3 Rxe5 53. Rxh2 Kg7 54. Kd4 Re6 55. Kd5 Re8 56. Rg2 Re1 57. Kd4 Re7 1/2-1/2